书目信息 |
| 题名: |
为毛泽东辩护
|
|
| 作者: | 许全兴 著 | |
| 分册: | ||
| 出版信息: | 北京 当代中国出版社 1996 |
|
| 页数: | 449页 | |
| 开本: | 20cm | |
| 丛书名: | ||
| 单 册: | ||
| 中图分类: | A84 , A755 | |
| 科图分类: | ||
| 主题词: | 毛泽东思想--研究 , 毛泽东--生平事迹 , 毛泽东--传记 | |
| 电子资源: | ||
| ISBN: | 7-80092-509-9 | |
| 000 | 00631nam0 2200241 45 | |
| 001 | 1230204638 | |
| 005 | 20090928091819.90 | |
| 010 | @a7-80092-509-9@dCNY25.60 | |
| 100 | @a19970807d1996 kemy0chiy0121 ea | |
| 101 | 0 | @achi |
| 102 | @aCN@b110000 | |
| 105 | @ay z 000yd | |
| 200 | 10 | @a为毛泽东辩护@Awei mao ze dong bian hu@f许全兴著 |
| 210 | @a北京@c当代中国出版社@d1996 | |
| 215 | @a449页@d20cm | |
| 606 | 0 | @a毛泽东思想@x研究 |
| 606 | 0 | @a毛泽东@x生平事迹 |
| 606 | 0 | @a毛泽东@x传记 |
| 690 | @aA84@v3 | |
| 690 | @aA755@v4 | |
| 701 | 0 | @a许全兴@Axu quan xing@4著 |
| 801 | 0 | @aCN@bTSSF@c19970819 |
| 905 | @a10447@dA755@eJY25 | |
| 为毛泽东辩护/许全兴著.-北京:当代中国出版社,1996 |
| 449页;20cm |
| ISBN 7-80092-509-9:CNY25.60 |
| ● |
| 相关链接 |
|
|
|
|
正题名:为毛泽东辩护
索取号:A755/JY25
 
预约/预借
| 序号 | 登录号 | 条形码 | 馆藏地/架位号 | 状态 | 备注 |
| 1 | 7814976 | 278149763 | 学院路分馆/ [索取号:A755/JY25] | 在馆 | |
| 2 | 7814977 | 278149772 | 学院路分馆/ [索取号:A755/JY25] | 在馆 | |
| 3 | 7814978 | 278149781 | 学院路分馆/ [索取号:A755/JY25] | 在馆 | |
| 4 | 7814979 | 278149790 | 学院路分馆/ [索取号:A755/JY25] | 在馆 |